Podnikové obligácie na slovenskom kapitálovom trhu

Salvato in:
Dettagli Bibliografici
Autore principale: Hrvoľová, Božena
Natura: Capitolo di libro
Lingua:slovacco
Tags: Aggiungi Tag
Nessun Tag, puoi essere il primo ad aggiungerne!!

MARC

LEADER 00000naa$a2200000$$$4500
001 0088058
005 20240502083229.2
041 0 |a slo 
044 |a CZ 
245 1 0 |a Podnikové obligácie na slovenskom kapitálovom trhu  |c Božena Hrvoľová 
100 1 |a Hrvoľová, Božena